Statistics for Every College Of The 2020 Draft Class

Click here to take the quiz!

General Stats

  • This quiz has been taken 24 times
  • The average score is 48 of 97

Answer Stats

HintAnswer% Correct
Tua TagovailoaAlabama
100%
Tee HigginsClemson
91%
Chase YoungOhio St.
91%
CeeDee LambOklahoma
87%
Justin HerbertOregon
87%
Ezra ClevlandBoise St.
83%
CJ HendersonFlorida
83%
Andrew ThomasGeorgia
83%
Yetur Gross-MatosPenn St.
83%
Jacob EasonWashington
83%
Cam AkersFlorida St.
78%
Joe BurrowLSU
78%
Cesar RuizMichigan
78%
Brandon AiyukArizona St.
74%
Tristan WirfsIowa
74%
Lynn BowdenKentucky
74%
Jake LutonOregon St.
74%
Javon KinlawSouth Carolina
74%
Brandon JonesTexas
74%
Michael PittmanUSC
74%
Hakeem AdenijiKansas
70%
Khalil DavisNebraska
70%
Justin MadubuikeTexas A&M
70%
Jaylon JohnsonUtah
70%
Dezmon PatmonWashington St.
70%
McTelvin AgimArkansas
65%
Noah IgbinogheneAuburn
65%
AJ DillonBoston Col.
65%
Laviska ShenaultColorado
65%
Cole McDonaldHawaii
65%
Antoine WinfieldMinnesota
65%
Willie GayMississippi
65%
Van JeffersonMississippi
65%
Charlie HeckNorth Carolina
65%
Jordyn BrooksTexas Tech
65%
Jonathan TaylorWisconsin
65%
Denzel MimsBaylor
61%
KJ OsbornMiami
61%
Derrek TuszkaNorth Dakota St.
61%
Cole KmetNotre Dame
61%
Devin AsiasiUCLA
61%
Joe ReedVirginia
61%
Tyler DavisGeorgia Tech
57%
Ke'Shawn VaughnIllinois
57%
Simon StepanikIndiana
57%
Anthony McFarlandMaryland
57%
Albert OkwuegbunamMissouri
57%
Gabriel DavisCentral Florida
52%
Malcolm PerryNavy
52%
Jalen ReagorTCU
52%
Darrell TaylorTennessee
52%
Jordan LoveUtah St.
52%
Dalton KeeneVirginia Tech
52%
Logan WilsonWyoming
52%
Ashtyn DavisCalifornia
48%
Larrell MurchisonNorth Carolina St.
48%
Brycen HopkinsPurdue
48%
Kenny RobinsonWest Virginia
48%
Mekhi BectonLouisville
43%
Jason HuntleyNew Mexico St.
43%
James ProcheSMU
43%
Colbey ParkinsonStanford
43%
Alton RobinsonSyracuse
43%
Matt HenTemple
43%
Josiah DeguaraCincinnati
39%
James MorganFlorida International
39%
Josh JonesHouston
39%
Harrison BryantFlorida Atlantic
35%
Josiah ScottMichigan State
35%
Keith IsmaelSan Diego St.
35%
Antonio GibsonMemphis
30%
Dane JacksonPittsburgh
30%
Jonah JacksonRutgers
30%
Darnell MooneyTulane
30%
Matt PeartConnecticut
26%
Jeremy ChinnSouthern Illinois
26%
Akeem Davis-GaitherAppalachian St.
22%
Danny PinterBall St.
22%
Tyler BassGeorgia Southern
22%
Antonio Gandy-GoldenLiberty
22%
Justin RohrwasserMarshall
22%
Isaiah RodgersMassachusetts
22%
Reggie Robinson IITulsa
22%
Alex HighsmithCharlotte
17%
Adam TrautmanDayton
17%
Mykal WalkerFresno St.
13%
Ben DiNucciJames Madison
13%
Isaiah CoulterRhode Island
13%
Quez WatkinsSouthern Miss
13%
Lachavious SimmonsTennessee St.
13%
Kyle DuggerLenoir-Rhyne
9%
Robert HuntLousiana
0%
Amik RobertsonLousiana Tech
0%
Sam SlomanMiami Of Ohio
0%
Ben BartchSaint John's
0%
Justin StrnadWake Forset
0%
Kyle HintonWashburn
0%

Score Distribution

Percentile by Number Answered

Percent of People with Each Score

Your Score History

You have not taken this quiz